000 00474nam a22001817a 4500
003 MPLRDC
005 20220104123314.0
008 210129b ||||| |||| 00| 0 eng d
082 _a947.411 CZZ-3 v.2 c.3
100 _a蔡志忠
245 _a世说新语
_c
250 _a初版
260 _a台湾
_b时报文化出版企业有限公司
_c1987
300 _b
490 _a时报漫画丛书: 34
650 _a蔡志忠漫画
942 _cBK
_o947.411 CZZ-3 v.2 c.3
999 _c10229
_d10219